| 000 | 00579nam a2200193 i 4500 | ||
|---|---|---|---|
| 001 | 74889 | ||
| 003 | ES-MaACL | ||
| 005 | 20250627063637.0 | ||
| 007 | t| | ||
| 008 | 040921q1953 sp ||||1| spa d | ||
| 100 | 1 |
_aGonzález Ruiz, Nicolás, _d1897-1967 _958946 |
|
| 245 | 1 | 0 |
_aMadrid / _cpor Nicolás González Ruiz. |
| 260 |
_a[Barcelona : _bCervantes, _c1953?] |
||
| 300 |
_a24 h., 1 lám. : _bil ; _c24 cm. |
||
| 490 | 1 | _aEnciclopedia gráfica | |
| 830 | 0 |
_aEnciclopedia gráfica _9231229 |
|
| 852 |
_aES-MaACL _j1973-F-2 _bR.35570 |
||
| 999 |
_c74889 _d74889 |
||